Nhập môn giáo dục công dân

Zapisane w:
Opis bibliograficzny
1. autor: Hà, Nhật Thăng
Format: Książka
Język:Undetermined
Wydane: Hà Nội Đại học Sư phạm 2004
Hasła przedmiotowe:
Etykiety: Dodaj etykietę
Nie ma etykietki, Dołącz pierwszą etykiete!
Thư viện lưu trữ: Trung tâm Học liệu Trường Đại học Cần Thơ
LEADER 00570nam a2200193Ia 4500
001 CTU_98352
008 210402s9999 xx 000 0 und d
020 |c 10000 
082 |a 370.115 
082 |b Th116 
100 |a Hà, Nhật Thăng 
245 0 |a Nhập môn giáo dục công dân 
245 0 |c Hà Nhật Thăng 
260 |a Hà Nội 
260 |b Đại học Sư phạm 
260 |c 2004 
650 |a Moral education (Secondary),Educational accountability 
904 |i Năm 
980 |a Trung tâm Học liệu Trường Đại học Cần Thơ